000 00615nam a2200193Ia 4500
003 GCL
005 20240530104419.0
008 140319s9999 xx 000 0 ara d
040 _aGCL /
_cGCL
082 0 4 _a810.9
_bن ا
100 0 _aنصر حامد ابوزيد
245 1 0 _aاشكاليات القراءة واليات التاويل /
_cنصر حامد ابوزيد
300 _a269 ص
490 0 _aكتابات نقدية ؛
_v10
650 0 4 _aالتراث العربى
650 0 4 _aالثقافة الجماهيرية
650 0 4 _aالادب العربى - تاريخ ونقد
942 _2ddc
_cBK
999 _c47429
_d47429